00527cam a2200181 a 4500001000400000003000900004005001700013008004100030020001500071040003800086082002300124100001900147245005500166250001200221260005500233300002800288650002900316413BD-DhUAP20210105100801.0200301s1985 nyuabf b f000 0 eng  a0132414562 aBD-DhUAPcBD-DhUAPdBD-DhUAPbEng a808.066651 BRO223 aBrown, Leland. aEffective business report writing /cLeland Brown. a4th ed. aEnglewood Cliffs, N.J. :bPrentice-Hall, c©1985. axv, 415 pages :c24 cm. aBusiness report writing.